| 000 | 00889cam a22002891a 4500 | ||
|---|---|---|---|
| 001 | 76552 | ||
| 003 | BD-RjUL | ||
| 005 | 20211209082846.0 | ||
| 008 | 191219r19671961enka b 00110 eng | ||
| 035 | _a(BD-RjUL)76776 | ||
| 035 | _a651812 | ||
| 040 |
_aANL _beng _cWa |
||
| 041 | _aeng | ||
| 082 | 0 |
_a720.9357 _223 _bFLH 1967 |
|
| 100 | 1 |
_aFletcher, Banister, _d1866-1953. _9236665 |
|
| 245 | 1 | 2 |
_aA history of architecture on the comparative method / _cby Sir Bannister Fletcher. |
| 250 |
_a17th ed., rev. _bby R. A. Cordingley. |
||
| 260 |
_aLondon : _bUniversity of London, Athlone Press, _c1961.[1967] |
||
| 300 |
_a1366 p. : _bill. ; _c25 cm. |
||
| 500 | _aIncludes bibliographical references and index. | ||
| 650 | 0 |
_aArchitecture _xHistory. _9236666 |
|
| 942 |
_2ddc _cBK |
||
| 999 |
_c76552 _d76552 |
||